Daňové aspekty poskytování investičních pobídek v ČR

Poukázanie na praktických príkladoch na problematiku už poskytnutých investičných podpôr v ČR. Dôraz je pritom kladený na zistenie príčin fiškálnej neefektívnosti spolu so snahou o nachádzanie všeobecne platných aspektov fiškálnej efektívnosti investičných podpôr. Deskripcia jednotlivých druhov inve...

Descrizione completa

Salvato in:
Dettagli Bibliografici
Autore principale: Šachrová, Vladimíra
Natura: Capitolo di libro
Lingua:ceco
Soggetti:
Tags: Aggiungi Tag
Nessun Tag, puoi essere il primo ad aggiungerne!!

MARC

LEADER 00000naa$a2200000$$$4500
001 0007081
005 20221128120926.9
041 0 |a cze 
044 |a SK 
245 1 0 |a Daňové aspekty poskytování investičních pobídek v ČR  |c aut. Vladimíra Šachrová 
520 |a Poukázanie na praktických príkladoch na problematiku už poskytnutých investičných podpôr v ČR. Dôraz je pritom kladený na zistenie príčin fiškálnej neefektívnosti spolu so snahou o nachádzanie všeobecne platných aspektov fiškálnej efektívnosti investičných podpôr. Deskripcia jednotlivých druhov investičných podpôr. Fiškálna efektívnosť poskytovaných investičných podpôr. Analýza informácií získaných na základe dotazníkového prieskumu. 
610 2 0 |a investície 
610 2 0 |a podpory 
610 2 0 |a investovanie 
610 2 0 |a motivácia 
610 2 0 |a stimulovanie 
610 2 0 |a efektívnosť 
610 2 0 |a efektívnosť ekonomická 
610 2 0 |a analýzy 
610 2 0 |a Česko 
100 1 |a Šachrová, Vladimíra